5 Most Popular Sports in the USA - Statistics

General Stats
  • This quiz has been taken 187 times
  • The average score is 5 of 5
Answer Stats
Rank Sport % Correct
1 American Football
99%
3 Basketball
99%
2 Baseball
97%
4 Soccer
93%
5 Hockey
85%
No matching quizzes found
Score Distribution
Percent of People with Each Score
Percentile by Number Answered
Your Score History
You have not taken this quiz